[Event "DVM U20 2021"]
[Site "Kiel GER"]
[Date "2022.07.26"]
[Round "7"]
[White "Steinbach, Julian"]
[Black "Koholka, Jan"]
[Result "1/2-1/2"]
[Termination "normal"]
[Board "5.5"]
[WhiteElo "1685"]
[BlackElo "1602"]
[WhiteClock "00:22:08"]
[BlackClock "00:20:26"]
[WhiteTeam "SK Doppelbauer Kiel"]
[BlackTeam "SK Langen"]
[PlyCount "62"]
[WhiteFideId "16247973"]
[BlackFideId "34611584"]
[EventCountry "GER"]
[EventRounds "7"]
[EventType "team-swiss"]
[EventDate "2022.07.22"]

1. e4 {[%clk 01:30:47]} {[%emt 00:00:13]} e5 {[%clk 01:30:44]} {[%emt
00:00:17]} 2. Nf3 {[%clk 01:31:02]} {[%emt 00:00:14]} Nc6 {[%clk 01:30:54]}
{[%emt 00:00:20]} 3. Bc4 {[%clk 01:31:17]} {[%emt 00:00:14]} Nf6 {[%clk
01:31:03]} {[%emt 00:00:22]} 4. Ng5 {[%clk 01:30:29]} {[%emt 00:01:18]} d5
{[%clk 01:31:04]} {[%emt 00:00:29]} 5. exd5 {[%clk 01:30:49]} {[%emt 00:00:10]}
Na5 {[%clk 01:31:02]} {[%emt 00:00:32]} 6. Bb5+ {[%clk 01:30:44]} {[%emt
00:00:35]} c6 {[%clk 01:31:02]} {[%emt 00:00:30]} 7. dxc6 {[%clk 01:29:38]}
{[%emt 00:01:36]} bxc6 {[%clk 01:31:01]} {[%emt 00:00:31]} 8. Be2 {[%clk
01:29:17]} {[%emt 00:00:51]} h6 {[%clk 01:30:37]} {[%emt 00:00:54]} 9. Nf3
{[%clk 01:29:28]} {[%emt 00:00:19]} e4 {[%clk 01:30:28]} {[%emt 00:00:39]} 10.
Ne5 {[%clk 01:29:27]} {[%emt 00:00:31]} Qd4 {[%clk 01:30:25]} {[%emt 00:00:33]}
11. Ng4 {[%clk 01:29:41]} {[%emt 00:00:16]} Bxg4 {[%clk 01:30:19]} {[%emt
00:00:37]} 12. Bxg4 {[%clk 01:29:53]} {[%emt 00:00:18]} e3 {[%clk 01:29:14]}
{[%emt 00:01:36]} 13. Bf3 {[%clk 01:23:16]} {[%emt 00:07:07]} exf2+ {[%clk
01:27:46]} {[%emt 00:01:57]} 14. Kf1 {[%clk 01:23:40]} {[%emt 00:00:06]} Be7
{[%clk 01:27:03]} {[%emt 00:01:14]} 15. Qe2 {[%clk 01:22:03]} {[%emt 00:02:07]}
O-O {[%clk 01:25:53]} {[%emt 00:01:40]} 16. c3 {[%clk 01:20:57]} {[%emt
00:01:36]} Qa4 {[%clk 01:17:56]} {[%emt 00:08:26]} 17. Kxf2 {[%clk 01:06:48]}
{[%emt 00:14:38]} Bd6 {[%clk 01:10:44]} {[%emt 00:07:44]} 18. b4 {[%clk
01:01:09]} {[%emt 00:06:09]} Nb7 {[%clk 01:07:40]} {[%emt 00:03:33]} 19. Qc4
{[%clk 00:58:48]} {[%emt 00:02:51]} Rac8 {[%clk 00:55:14]} {[%emt 00:12:56]}
20. Re1 {[%clk 00:54:19]} {[%emt 00:04:58]} Qc2 {[%clk 00:44:15]} {[%emt
00:11:29]} 21. Na3 {[%clk 00:45:32]} {[%emt 00:09:18]} Qf5 {[%clk 00:40:46]}
{[%emt 00:04:00]} 22. Kg1 {[%clk 00:45:02]} {[%emt 00:01:00]} Bb8 {[%clk
00:35:38]} {[%emt 00:05:38]} 23. Bb2 {[%clk 00:38:50]} {[%emt 00:06:42]} Nd8
{[%clk 00:30:37]} {[%emt 00:05:31]} 24. Rf1 {[%clk 00:31:23]} {[%emt 00:07:56]}
Qg5 {[%clk 00:28:36]} {[%emt 00:02:31]} 25. d4 {[%clk 00:29:53]} {[%emt
00:02:00]} Ne6 {[%clk 00:25:55]} {[%emt 00:03:11]} 26. Rae1 {[%clk 00:28:56]}
{[%emt 00:01:27]} Qh4 {[%clk 00:20:53]} {[%emt 00:05:32]} 27. g3 {[%clk
00:25:24]} {[%emt 00:04:02]} Bxg3 {[%clk 00:19:44]} {[%emt 00:01:39]} 28. hxg3
{[%clk 00:25:52]} {[%emt 00:00:03]} Qxg3+ {[%clk 00:20:04]} {[%emt 00:00:10]}
29. Kh1 {[%clk 00:22:49]} {[%emt 00:03:33]} Qh3+ {[%clk 00:19:45]} {[%emt
00:00:48]} 30. Kg1 {[%clk 00:22:49]} {[%emt 00:00:31]} Qg3+ {[%clk 00:20:04]}
{[%emt 00:00:11]} 31. Kh1 {[%clk 00:22:08]} {[%emt 00:01:11]} Qh3+ {[%clk
00:20:26]} {[%emt 00:00:08]} 1/2-1/2

[Event "DVM U20 2021"]
[Site "Kiel GER"]
[Date "2022.07.26"]
[Round "7"]
[White "Riegel, Simon"]
[Black "Woltmann, Peter"]
[Result "1/2-1/2"]
[Termination "normal"]
[Board "5.6"]
[WhiteElo "1285"]
[BlackElo "1556"]
[WhiteClock "01:20:23"]
[BlackClock "00:47:49"]
[WhiteTeam "SK Langen"]
[BlackTeam "SK Doppelbauer Kiel"]
[PlyCount "45"]
[WhiteFideId "34628410"]
[BlackFideId "16269349"]
[EventCountry "GER"]
[EventRounds "7"]
[EventType "team-swiss"]
[EventDate "2022.07.22"]

1. d4 {[%clk 01:30:56]} {[%emt 00:00:04]} d5 {[%clk 01:30:25]} {[%emt
00:00:36]} 2. Nf3 {[%clk 01:31:19]} {[%emt 00:00:07]} Nf6 {[%clk 01:29:29]}
{[%emt 00:01:26]} 3. Bf4 {[%clk 01:31:40]} {[%emt 00:00:09]} Bf5 {[%clk
01:29:02]} {[%emt 00:00:58]} 4. e3 {[%clk 01:31:58]} {[%emt 00:00:12]} e6
{[%clk 01:28:46]} {[%emt 00:00:45]} 5. Bd3 {[%clk 01:32:17]} {[%emt 00:00:10]}
Bxd3 {[%clk 01:29:01]} {[%emt 00:00:15]} 6. Qxd3 {[%clk 01:32:35]} {[%emt
00:00:12]} Bd6 {[%clk 01:29:26]} {[%emt 00:00:06]} 7. Bg3 {[%clk 01:32:59]}
{[%emt 00:00:06]} O-O {[%clk 01:29:43]} {[%emt 00:00:13]} 8. Nbd2 {[%clk
01:33:12]} {[%emt 00:00:17]} c5 {[%clk 01:29:47]} {[%emt 00:00:26]} 9. c3
{[%clk 01:33:34]} {[%emt 00:00:07]} a6 {[%clk 01:29:09]} {[%emt 00:01:07]} 10.
O-O {[%clk 01:32:40]} {[%emt 00:01:25]} c4 {[%clk 01:23:37]} {[%emt 00:06:03]}
11. Qc2 {[%clk 01:33:01]} {[%emt 00:00:08]} Qc7 {[%clk 01:12:59]} {[%emt
00:11:08]} 12. Bxd6 {[%clk 01:32:20]} {[%emt 00:01:11]} Qxd6 {[%clk 01:13:10]}
{[%emt 00:00:18]} 13. e4 {[%clk 01:32:38]} {[%emt 00:00:13]} dxe4 {[%clk
01:10:53]} {[%emt 00:02:47]} 14. Nxe4 {[%clk 01:33:01]} {[%emt 00:00:07]} Nxe4
{[%clk 01:11:19]} {[%emt 00:00:03]} 15. Qxe4 {[%clk 01:33:24]} {[%emt
00:00:07]} Nd7 {[%clk 01:09:04]} {[%emt 00:02:45]} 16. Rfe1 {[%clk 01:31:36]}
{[%emt 00:02:19]} Nf6 {[%clk 01:07:52]} {[%emt 00:01:42]} 17. Qh4 {[%clk
01:30:00]} {[%emt 00:02:06]} Nd5 {[%clk 01:06:44]} {[%emt 00:01:37]} 18. Kh1
{[%clk 01:24:33]} {[%emt 00:05:58]} Nf4 {[%clk 00:56:49]} {[%emt 00:10:25]} 19.
Ne5 {[%clk 01:23:31]} {[%emt 00:01:33]} Ng6 {[%clk 00:54:40]} {[%emt 00:02:39]}
20. Qg3 {[%clk 01:20:58]} {[%emt 00:03:03]} Nxe5 {[%emt 00:05:03]} 21. Qxe5
{[%clk 01:20:35]} {[%emt 00:00:48]} Qd5 {[%clk 00:47:32]} {[%emt 00:03:09]} 22.
Qxd5 {[%clk 01:20:06]} {[%emt 00:01:00]} exd5 {[%clk 00:47:49]} {[%emt
00:00:13]} 23. Re5 {[%clk 01:20:23]} {[%emt 00:00:12]} 1/2-1/2

[Event "DVM U20 2021"]
[Site "Kiel GER"]
[Date "2022.07.26"]
[Round "7"]
[White "von Estorff, Jacob"]
[Black "Arnhold, Steffi"]
[Result "1/2-1/2"]
[Termination "normal"]
[Board "6.2"]
[WhiteElo "2164"]
[BlackElo "2107"]
[WhiteClock "00:09:51"]
[BlackClock "00:12:40"]
[WhiteTeam "Post SV Uelzen"]
[BlackTeam "SC Bavaria Regensburg von 1881 e.V."]
[PlyCount "95"]
[WhiteFideId "12974501"]
[BlackFideId "12931365"]
[EventCountry "GER"]
[EventRounds "7"]
[EventType "team-swiss"]
[EventDate "2022.07.22"]

1. e4 {[%clk 01:30:55]} {[%emt 00:00:05]} c5 {[%clk 01:30:53]} {[%emt
00:00:07]} 2. Nf3 {[%clk 01:30:44]} {[%emt 00:00:41]} e6 {[%clk 01:31:09]}
{[%emt 00:00:14]} 3. d4 {[%clk 01:30:37]} {[%emt 00:00:37]} cxd4 {[%clk
01:31:32]} {[%emt 00:00:07]} 4. Nxd4 {[%clk 01:31:03]} {[%emt 00:00:04]} a6
{[%clk 01:31:55]} {[%emt 00:00:07]} 5. Nc3 {[%clk 01:28:30]} {[%emt 00:03:03]}
Qc7 {[%clk 01:31:56]} {[%emt 00:00:29]} 6. f4 {[%clk 01:26:50]} {[%emt
00:02:10]} d6 {[%clk 01:29:36]} {[%emt 00:02:51]} 7. Bd3 {[%clk 01:25:03]}
{[%emt 00:02:17]} Nf6 {[%clk 01:29:31]} {[%emt 00:00:35]} 8. O-O {[%clk
01:24:02]} {[%emt 00:01:30]} Be7 {[%clk 01:29:22]} {[%emt 00:00:39]} 9. Kh1
{[%clk 01:23:02]} {[%emt 00:01:30]} b5 {[%clk 01:26:44]} {[%emt 00:03:08]} 10.
Qe1 {[%clk 01:11:40]} {[%emt 00:11:52]} Nbd7 {[%clk 01:25:36]} {[%emt
00:01:38]} 11. Qg3 {[%clk 01:06:41]} {[%emt 00:05:29]} O-O {[%clk 01:23:31]}
{[%emt 00:02:34]} 12. f5 {[%clk 00:39:26]} {[%emt 00:27:46]} e5 {[%clk
01:18:41]} {[%emt 00:05:19]} 13. Nf3 {[%clk 00:38:12]} {[%emt 00:01:44]} Re8
{[%clk 01:12:10]} {[%emt 00:07:02]} 14. a3 {[%clk 00:35:47]} {[%emt 00:02:55]}
Bb7 {[%clk 01:10:54]} {[%emt 00:01:46]} 15. Bg5 {[%clk 00:34:06]} {[%emt
00:02:11]} Rac8 {[%clk 01:04:37]} {[%emt 00:06:47]} 16. Rae1 {[%clk 00:33:39]}
{[%emt 00:00:57]} Qb8 {[%clk 01:01:07]} {[%emt 00:04:00]} 17. Nd2 {[%clk
00:28:15]} {[%emt 00:05:55]} Bf8 {[%clk 00:58:34]} {[%emt 00:03:02]} 18. Rf3
{[%clk 00:27:36]} {[%emt 00:01:09]} Qa8 {[%clk 00:40:32]} {[%emt 00:18:32]} 19.
Qh4 {[%clk 00:27:02]} {[%emt 00:01:04]} h6 {[%clk 00:33:43]} {[%emt 00:07:19]}
20. Be3 {[%clk 00:19:43]} {[%emt 00:07:49]} Nh7 {[%clk 00:29:44]} {[%emt
00:04:29]} 21. Rg3 {[%clk 00:18:13]} {[%emt 00:02:00]} Kh8 {[%clk 00:29:08]}
{[%emt 00:01:06]} 22. Nf3 {[%clk 00:13:53]} {[%emt 00:04:50]} Ndf6 {[%clk
00:23:15]} {[%emt 00:06:23]} 23. Ng5 {[%clk 00:08:41]} {[%emt 00:05:42]} Nxg5
{[%clk 00:19:51]} {[%emt 00:03:54]} 24. Bxg5 {[%clk 00:07:58]} {[%emt
00:01:13]} Nh7 {[%clk 00:20:03]} {[%emt 00:00:18]} 25. Bd2 {[%clk 00:02:11]}
{[%emt 00:06:18]} Be7 {[%clk 00:17:14]} {[%emt 00:03:18]} 26. Qh5 {[%clk
00:02:37]} {[%emt 00:00:05]} Rf8 {[%clk 00:13:24]} {[%emt 00:04:19]} 27. Bxh6
{[%clk 00:00:53]} {[%emt 00:02:14]} gxh6 {[%clk 00:13:15]} {[%emt 00:00:39]}
28. Qxh6 {[%emt 00:00:04]} Rg8 {[%clk 00:12:13]} {[%emt 00:01:31]} 29. Rh3
{[%clk 00:01:37]} {[%emt 00:00:13]} Rg7 {[%clk 00:11:56]} {[%emt 00:00:46]} 30.
f6 {[%clk 00:01:58]} {[%emt 00:00:09]} Bxf6 {[%clk 00:12:21]} {[%emt 00:00:05]}
31. Qxf6 {[%clk 00:02:24]} {[%emt 00:00:04]} Kg8 {[%clk 00:10:05]} {[%emt
00:02:47]} 32. Qh6 {[%clk 00:02:17]} {[%emt 00:00:37]} Re8 {[%clk 00:09:13]}
{[%emt 00:01:21]} 33. Nd5 {[%clk 00:01:27]} {[%emt 00:01:21]} Qd8 {[%clk
00:06:13]} {[%emt 00:03:30]} 34. Ree3 {[%clk 00:01:05]} {[%emt 00:00:52]} Re6
{[%clk 00:05:34]} {[%emt 00:01:08]} 35. Qh5 {[%clk 00:01:29]} {[%emt 00:00:06]}
Reg6 {[%clk 00:05:20]} {[%emt 00:00:44]} 36. Reg3 {[%clk 00:00:51]} {[%emt
00:01:09]} Rxg3 {[%clk 00:05:11]} {[%emt 00:00:39]} 37. Rxg3 {[%clk 00:01:02]}
{[%emt 00:00:20]} Rxg3 {[%clk 00:04:44]} {[%emt 00:00:56]} 38. hxg3 {[%clk
00:01:30]} {[%emt 00:00:02]} Bxd5 {[%clk 00:03:24]} {[%emt 00:01:50]} 39. exd5
{[%clk 00:01:58]} {[%emt 00:00:02]} Ng5 {[%clk 00:03:37]} {[%emt 00:00:16]} 40.
Bf5 {[%clk 00:01:24]} {[%emt 00:01:05]} Qf6 {[%clk 00:02:44]} {[%emt 00:01:22]}
41. Qg4 {[%clk 00:29:39]} {[%emt 00:02:15]} Kf8 {[%clk 00:27:06]} {[%emt
00:06:08]} 42. c3 {[%clk 00:28:08]} {[%emt 00:02:02]} Qh6+ {[%clk 00:17:21]}
{[%emt 00:10:15]} 43. Kg1 {[%clk 00:24:41]} {[%emt 00:03:57]} Nh7 {[%clk
00:16:33]} {[%emt 00:01:18]} 44. Bxh7 {[%clk 00:20:40]} {[%emt 00:04:30]} Qxh7
{[%clk 00:16:50]} {[%emt 00:00:13]} 45. b4 {[%clk 00:17:25]} {[%emt 00:03:45]}
Qc2 {[%clk 00:15:07]} {[%emt 00:02:14]} 46. Qc8+ {[%clk 00:10:36]} {[%emt
00:07:19]} Kg7 {[%clk 00:12:17]} {[%emt 00:03:19]} 47. Qg4+ {[%clk 00:09:51]}
{[%emt 00:01:16]} Kf8 {[%clk 00:12:40]} {[%emt 00:00:07]} 48. Qc8+ {[%emt
00:04:48]} 1/2-1/2

[Event "DVM U20 2021"]
[Site "Kiel GER"]
[Date "2022.07.26"]
[Round "7"]
[White "Steinhauer, Artur"]
[Black "Bargsten, Justus"]
[Result "0-1"]
[Termination "normal"]
[Board "6.3"]
[WhiteElo "1901"]
[BlackElo "2136"]
[WhiteClock "00:17:28"]
[BlackClock "00:29:40"]
[WhiteTeam "SC Bavaria Regensburg von 1881 e.V."]
[BlackTeam "Post SV Uelzen"]
[PlyCount "120"]
[WhiteFideId "16263596"]
[BlackFideId "12974188"]
[EventCountry "GER"]
[EventRounds "7"]
[EventType "team-swiss"]
[EventDate "2022.07.22"]

1. e4 {[%clk 01:30:58]} {[%emt 00:00:02]} e6 {[%clk 01:30:56]} {[%emt
00:00:04]} 2. d4 {[%clk 01:31:23]} {[%emt 00:00:04]} d5 {[%clk 01:31:23]}
{[%emt 00:00:03]} 3. Bd3 {[%clk 01:31:50]} {[%emt 00:00:04]} dxe4 {[%clk
01:27:40]} {[%emt 00:04:12]} 4. Bxe4 {[%clk 01:32:13]} {[%emt 00:00:07]} Nf6
{[%clk 01:28:04]} {[%emt 00:00:07]} 5. Bf3 {[%clk 01:32:41]} {[%emt 00:00:02]}
c5 {[%clk 01:27:58]} {[%emt 00:00:36]} 6. Ne2 {[%clk 01:33:07]} {[%emt
00:00:04]} Nc6 {[%clk 01:22:54]} {[%emt 00:05:34]} 7. Be3 {[%clk 01:32:36]}
{[%emt 00:01:00]} cxd4 {[%clk 01:05:51]} {[%emt 00:17:34]} 8. Nxd4 {[%clk
01:32:45]} {[%emt 00:00:21]} Nxd4 {[%clk 00:57:59]} {[%emt 00:08:21]} 9. Qxd4
{[%clk 01:31:34]} {[%emt 00:01:42]} Qxd4 {[%clk 00:56:11]} {[%emt 00:02:18]}
10. Bxd4 {[%clk 01:31:57]} {[%emt 00:00:06]} Bd6 {[%clk 00:56:33]} {[%emt
00:00:09]} 11. Nc3 {[%clk 01:31:09]} {[%emt 00:01:18]} O-O {[%clk 00:44:00]}
{[%emt 00:13:03]} 12. O-O-O {[%clk 01:28:57]} {[%emt 00:02:42]} Bf4+ {[%clk
00:38:49]} {[%emt 00:05:40]} 13. Kb1 {[%clk 01:29:15]} {[%emt 00:00:12]} e5
{[%clk 00:39:02]} {[%emt 00:00:17]} 14. Bc5 {[%clk 01:18:21]} {[%emt 00:11:24]}
Re8 {[%clk 00:39:25]} {[%emt 00:00:07]} 15. Nd5 {[%clk 01:18:30]} {[%emt
00:00:22]} e4 {[%clk 00:32:35]} {[%emt 00:07:20]} 16. Nxf6+ {[%clk 01:14:00]}
{[%emt 00:05:00]} gxf6 {[%clk 00:32:54]} {[%emt 00:00:10]} 17. Be2 {[%clk
01:14:12]} {[%emt 00:00:18]} Be6 {[%clk 00:31:19]} {[%emt 00:02:05]} 18. g3
{[%clk 01:12:14]} {[%emt 00:02:29]} Be5 {[%clk 00:31:24]} {[%emt 00:00:24]} 19.
Rhe1 {[%clk 01:09:07]} {[%emt 00:03:37]} f5 {[%clk 00:27:27]} {[%emt 00:04:27]}
20. Bd6 {[%clk 01:02:40]} {[%emt 00:06:57]} Bf6 {[%clk 00:27:39]} {[%emt
00:00:18]} 21. Bf4 {[%clk 01:02:25]} {[%emt 00:00:45]} Rec8 {[%clk 00:26:25]}
{[%emt 00:01:44]} 22. Bf1 {[%clk 00:55:00]} {[%emt 00:07:55]} Kg7 {[%clk
00:23:50]} {[%emt 00:03:06]} 23. Bg2 {[%clk 00:52:20]} {[%emt 00:03:09]} Rc5
{[%clk 00:22:40]} {[%emt 00:01:40]} 24. Be3 {[%clk 00:43:10]} {[%emt 00:09:40]}
Ra5 {[%clk 00:17:46]} {[%emt 00:05:23]} 25. a3 {[%clk 00:41:01]} {[%emt
00:02:41]} Ra4 {[%clk 00:16:02]} {[%emt 00:02:14]} 26. Bc1 {[%clk 00:35:48]}
{[%emt 00:05:43]} Kg6 {[%clk 00:08:30]} {[%emt 00:08:02]} 27. f3 {[%clk
00:35:13]} {[%emt 00:01:04]} exf3 {[%clk 00:08:09]} {[%emt 00:00:51]} 28. Bxf3
{[%clk 00:35:38]} {[%emt 00:00:05]} Rc8 {[%clk 00:07:57]} {[%emt 00:00:42]} 29.
b3 {[%clk 00:31:36]} {[%emt 00:04:32]} Ra5 {[%clk 00:08:05]} {[%emt 00:00:22]}
30. Bxb7 {[%clk 00:31:27]} {[%emt 00:00:39]} Rb8 {[%clk 00:07:44]} {[%emt
00:00:51]} 31. Bg2 {[%clk 00:29:37]} {[%emt 00:02:20]} Rab5 {[%clk 00:07:09]}
{[%emt 00:01:06]} 32. Bf1 {[%clk 00:23:43]} {[%emt 00:06:23]} Bxb3 {[%clk
00:03:08]} {[%emt 00:04:31]} 33. cxb3 {[%clk 00:14:32]} {[%emt 00:09:41]} Rxb3+
{[%clk 00:03:31]} {[%emt 00:00:08]} 34. Kc2 {[%clk 00:14:57]} {[%emt 00:00:04]}
Rc3+ {[%clk 00:03:10]} {[%emt 00:00:51]} 35. Kd2 {[%clk 00:15:21]} {[%emt
00:00:05]} Rbb3 {[%clk 00:02:28]} {[%emt 00:01:13]} 36. Ke2 {[%clk 00:11:28]}
{[%emt 00:04:24]} h5 {[%clk 00:02:10]} {[%emt 00:00:47]} 37. Kf2 {[%clk
00:10:38]} {[%emt 00:01:20]} h4 {[%clk 00:02:27]} {[%emt 00:00:13]} 38. Bf4
{[%clk 00:09:33]} {[%emt 00:01:35]} hxg3+ {[%clk 00:02:20]} {[%emt 00:00:37]}
39. hxg3 {[%clk 00:10:02]} Rxa3 {[%clk 00:01:07]} {[%emt 00:01:44]} 40. Rd5
{[%clk 00:09:15]} {[%emt 00:01:16]} Bh4 {[%clk 00:00:37]} {[%emt 00:01:00]} 41.
Rd6+ {[%clk 00:02:24]} {[%emt 00:07:22]} f6 {[%clk 00:00:53]} {[%emt 00:00:13]}
42. Bg2 {[%clk 00:16:48]} {[%emt 00:16:05]} Rxg3 {[%clk 00:27:49]} {[%emt
00:03:35]} 43. Bxg3 {[%clk 00:16:21]} {[%emt 00:00:56]} Bxg3+ {[%clk 00:28:04]}
{[%emt 00:00:16]} 44. Kf1 {[%clk 00:16:48]} {[%emt 00:00:03]} Bxd6 {[%clk
00:28:28]} {[%emt 00:00:06]} 45. Re8 {[%clk 00:14:59]} {[%emt 00:02:19]} Kg5
{[%clk 00:27:24]} {[%emt 00:01:34]} 46. Kf2 {[%clk 00:14:37]} {[%emt 00:00:53]}
Bc5+ {[%clk 00:27:36]} {[%emt 00:00:17]} 47. Ke2 {[%clk 00:14:25]} {[%emt
00:00:42]} Ra2+ {[%clk 00:28:00]} {[%emt 00:00:05]} 48. Kf3 {[%clk 00:14:46]}
{[%emt 00:00:09]} Rf2+ {[%clk 00:28:12]} {[%emt 00:00:19]} 49. Kg3 {[%clk
00:15:14]} {[%emt 00:00:02]} f4+ {[%clk 00:28:35]} {[%emt 00:00:07]} 50. Kh3
{[%clk 00:15:36]} {[%emt 00:00:08]} f3 {[%clk 00:28:56]} {[%emt 00:00:08]} 51.
Bh1 {[%clk 00:15:41]} {[%emt 00:00:26]} Rf1 {[%clk 00:29:00]} {[%emt 00:00:26]}
52. Rg8+ {[%clk 00:15:49]} {[%emt 00:00:21]} Kf5 {[%clk 00:29:17]} {[%emt
00:00:13]} 53. Bxf3 {[%clk 00:14:55]} {[%emt 00:01:25]} Rxf3+ {[%clk 00:29:38]}
{[%emt 00:00:08]} 54. Kg2 {[%clk 00:15:19]} {[%emt 00:00:07]} Rc3 {[%clk
00:29:38]} {[%emt 00:00:29]} 55. Rd8 {[%clk 00:15:28]} {[%emt 00:00:22]} a5
{[%clk 00:30:01]} {[%emt 00:00:07]} 56. Ra8 {[%clk 00:15:54]} {[%emt 00:00:04]}
Ra3 {[%clk 00:29:59]} {[%emt 00:00:32]} 57. Ra6 {[%clk 00:16:14]} {[%emt
00:00:10]} a4 {[%clk 00:30:18]} {[%emt 00:00:08]} 58. Ra5 {[%clk 00:16:42]}
{[%emt 00:00:04]} Rc3 {[%clk 00:29:46]} {[%emt 00:01:02]} 59. Rxa4 {[%clk
00:17:08]} {[%emt 00:00:05]} Ke5 {[%clk 00:30:09]} {[%emt 00:00:06]} 60. Kf1
{[%clk 00:17:28]} {[%emt 00:00:11]} Rc2 {[%clk 00:29:40]} {[%emt 00:00:58]} 0-1

[Event "DVM U20 2021"]
[Site "Kiel GER"]
[Date "2022.07.26"]
[Round "7"]
[White "Askerov, Imamali"]
[Black "Aumüller, Naum"]
[Result "1-0"]
[Termination "normal"]
[Board "6.4"]
[WhiteElo "1974"]
[BlackElo "1841"]
[WhiteClock "00:03:19"]
[BlackClock "00:21:56"]
[WhiteTeam "Post SV Uelzen"]
[BlackTeam "SC Bavaria Regensburg von 1881 e.V."]
[PlyCount "85"]
[WhiteFideId "12974498"]
[BlackFideId "16263960"]
[EventCountry "GER"]
[EventRounds "7"]
[EventType "team-swiss"]
[EventDate "2022.07.22"]

1. e4 {[%clk 01:30:59]} {[%emt 00:00:01]} e5 {[%clk 01:30:55]} {[%emt
00:00:05]} 2. Nf3 {[%clk 01:31:10]} {[%emt 00:00:19]} Nc6 {[%clk 01:31:21]}
{[%emt 00:00:04]} 3. Bc4 {[%clk 01:29:42]} {[%emt 00:01:58]} Bc5 {[%clk
01:31:43]} {[%emt 00:00:08]} 4. c3 {[%clk 01:30:08]} {[%emt 00:00:04]} Nf6
{[%clk 01:32:09]} {[%emt 00:00:04]} 5. d3 {[%clk 01:30:32]} {[%emt 00:00:07]}
d6 {[%clk 01:32:33]} {[%emt 00:00:05]} 6. Nbd2 {[%clk 01:30:35]} {[%emt
00:00:27]} a6 {[%clk 01:32:34]} {[%emt 00:00:28]} 7. Bb3 {[%clk 01:30:57]}
{[%emt 00:00:09]} h6 {[%clk 01:32:04]} {[%emt 00:01:00]} 8. h3 {[%clk
01:29:57]} {[%emt 00:01:30]} Ba7 {[%clk 01:31:55]} {[%emt 00:00:38]} 9. Nf1
{[%clk 01:28:45]} {[%emt 00:01:43]} d5 {[%clk 01:25:15]} {[%emt 00:07:10]} 10.
Qe2 {[%clk 01:22:09]} {[%emt 00:07:05]} dxe4 {[%clk 01:21:04]} {[%emt
00:04:41]} 11. dxe4 {[%clk 01:22:34]} {[%emt 00:00:06]} Qe7 {[%clk 01:18:53]}
{[%emt 00:02:40]} 12. Ng3 {[%clk 01:19:25]} {[%emt 00:03:39]} Be6 {[%clk
01:13:14]} {[%emt 00:06:10]} 13. Bxe6 {[%clk 01:17:08]} {[%emt 00:02:47]} Qxe6
{[%clk 01:13:34]} {[%emt 00:00:09]} 14. Nf5 {[%clk 01:16:36]} {[%emt 00:01:02]}
Rg8 {[%clk 01:12:09]} {[%emt 00:01:55]} 15. O-O {[%clk 01:14:06]} {[%emt
00:03:00]} O-O-O {[%clk 01:07:51]} {[%emt 00:04:49]} 16. b4 {[%clk 01:11:09]}
{[%emt 00:03:27]} g5 {[%clk 00:59:14]} {[%emt 00:09:07]} 17. Nxh6 {[%clk
00:55:50]} {[%emt 00:15:50]} g4 {[%clk 00:49:45]} {[%emt 00:09:58]} 18. Ng5
{[%clk 00:48:31]} {[%emt 00:07:48]} Rxg5 {[%clk 00:47:04]} {[%emt 00:03:11]}
19. Bxg5 {[%clk 00:48:49]} {[%emt 00:00:12]} gxh3 {[%clk 00:46:17]} {[%emt
00:01:18]} 20. g3 {[%clk 00:43:05]} {[%emt 00:06:14]} Rh8 {[%clk 00:43:38]}
{[%emt 00:03:08]} 21. Bxf6 {[%clk 00:36:30]} {[%emt 00:07:06]} Rxh6 {[%clk
00:43:07]} {[%emt 00:01:01]} 22. Bg5 {[%clk 00:35:14]} {[%emt 00:01:45]} Qg6
{[%clk 00:42:11]} {[%emt 00:01:27]} 23. Qg4+ {[%clk 00:23:28]} {[%emt
00:12:15]} Kb8 {[%clk 00:42:12]} {[%emt 00:00:29]} 24. Qf5 {[%clk 00:21:19]}
{[%emt 00:02:39]} Qg7 {[%clk 00:42:03]} {[%emt 00:00:40]} 25. Kh2 {[%clk
00:11:11]} {[%emt 00:10:38]} Rh5 {[%clk 00:33:36]} {[%emt 00:08:57]} 26. Bf6
{[%clk 00:11:34]} {[%emt 00:00:07]} Rxf5 {[%clk 00:33:55]} {[%emt 00:00:12]}
27. Bxg7 {[%clk 00:11:58]} {[%emt 00:00:05]} Rf3 {[%clk 00:34:10]} {[%emt
00:00:14]} 28. Kxh3 {[%clk 00:10:51]} {[%emt 00:01:37]} Bxf2 {[%clk 00:26:00]}
{[%emt 00:08:40]} 29. Kg2 {[%clk 00:11:14]} {[%emt 00:00:08]} Rxg3+ {[%clk
00:26:26]} {[%emt 00:00:04]} 30. Kxf2 {[%clk 00:11:40]} {[%emt 00:00:04]} Rxg7
{[%clk 00:26:54]} {[%emt 00:00:01]} 31. Rg1 {[%clk 00:11:53]} {[%emt 00:00:17]}
Rg6 {[%clk 00:26:16]} {[%emt 00:01:08]} 32. Rxg6 {[%clk 00:12:04]} {[%emt
00:00:19]} fxg6 {[%clk 00:26:45]} {[%emt 00:00:02]} 33. Rg1 {[%clk 00:12:25]}
{[%emt 00:00:08]} Ne7 {[%clk 00:27:11]} {[%emt 00:00:04]} 34. Rg5 {[%clk
00:12:45]} {[%emt 00:00:10]} Kc8 {[%clk 00:27:37]} {[%emt 00:00:04]} 35. Rxe5
{[%clk 00:13:04]} {[%emt 00:00:11]} Kd7 {[%clk 00:28:06]} {[%emt 00:00:02]} 36.
Kf3 {[%clk 00:10:00]} {[%emt 00:03:34]} Kd6 {[%clk 00:27:59]} {[%emt 00:00:37]}
37. Rg5 {[%clk 00:09:38]} {[%emt 00:00:51]} Ke6 {[%clk 00:27:47]} {[%emt
00:00:42]} 38. Kf4 {[%clk 00:09:27]} {[%emt 00:00:41]} b6 {[%clk 00:25:43]}
{[%emt 00:02:35]} 39. a4 {[%clk 00:06:48]} {[%emt 00:03:09]} Kf6 {[%clk
00:24:42]} {[%emt 00:01:31]} 40. a5 {[%clk 00:04:24]} {[%emt 00:02:53]} Nc6
{[%clk 00:23:04]} {[%emt 00:02:08]} 41. axb6 {[%clk 00:03:14]} {[%emt
00:01:40]} cxb6 {[%clk 00:23:32]} {[%emt 00:00:02]} 42. b5 {[%clk 00:02:59]}
{[%emt 00:00:45]} axb5 {[%clk 00:21:56]} {[%emt 00:02:06]} 43. Rxb5 {[%clk
00:03:19]} {[%emt 00:00:11]} 1-0